Rozhodovanie pri existujúcej kapacite v podmienkach konkrétneho podniku diplomová práca

Guardado en:
Detalles Bibliográficos
Autor principal: Šipoš, Richard
Autor Corporativo: Podnikovohospodárska fakulta EU so sídlom v Košiciach. Katedra finančného riadenia podniku
Otros Autores: Freňáková, Magdaléna, 1981-
Formato: Libro
Lenguaje:eslovaco
Publicado: Košice 2017
Etiquetas: Agregar Etiqueta
Sin Etiquetas, Sea el primero en etiquetar este registro!

MARC

LEADER 00000nbm a2200000 4500
001 0231585
005 20171121101319.5
041 0 |a slo 
044 |a SK 
245 1 0 |a Rozhodovanie pri existujúcej kapacite v podmienkach konkrétneho podniku  |b diplomová práca  |c Richard Šipoš ; školiteľ: Magdaléna Freňáková 
264 1 |a Košice  |c 2017 
300 |a 54 s. 
100 1 |a Šipoš, Richard 
700 1 |a Freňáková, Magdaléna, 1981- 
710 2 |a Podnikovohospodárska fakulta EU so sídlom v Košiciach. Katedra finančného riadenia podniku